| 000 | 00685nam a2200229Ia 4500 | ||
|---|---|---|---|
| 003 | OSt | ||
| 005 | 20220918202523.0 | ||
| 006 | a|||||r|||| 00| 0 | ||
| 007 | ta | ||
| 008 | 220917b |||||||| |||| 00| 0 eng d | ||
| 024 | _a101,862 | ||
| 037 | _cTextual | ||
| 040 |
_aARTS _cARTS _beng |
||
| 041 |
_2eng _aeng |
||
| 082 | _aV218:3(Y49(J)).N40<-N00, N0 | ||
| 100 |
_aSatyanarayana A _9104165 |
||
| 245 | 0 | _aAndra Peasants under British rule Agrarian relations and the rural economy 1900-1040 | |
| 260 |
_aN.D _bManohar Pub _c1990 |
||
| 650 | _aHISTORY | ||
| 942 |
_hV218:3(Y49(J)).N40<-N00, N0 _cTEXL _2CC |
||
| 999 |
_c225322 _d225322 |
||